| 000 | 004530000a22001690004500 | ||
|---|---|---|---|
| 003 | MACL | ||
| 005 | 20160108173923.0 | ||
| 008 | 160108b xxu||||| |||| 00| 0 eng d | ||
| 040 |
_aMACL _cMACL |
||
| 041 | _aEnglish | ||
| 082 | _a911/LEC | ||
| 100 |
_aRoberts, Leo B _930123 |
||
| 245 |
_aThe National Geographic magazine _b13688 to 13691 |
||
| 260 |
_bNational Geographic Society _aHyderabad |
||
| 650 |
_aGeography _930124 |
||
| 942 |
_cBK _k911/Rob _2ddc |
||
| 999 |
_c36527 _d36527 |
||